000 00506nam a2200205Ia 4500
005 20250425162459.0
008 250425s9999 xx 000 0 und d
020 _a0312065183
041 _aeng
082 _a425
100 _aRAIMES, ANN
245 0 _aGRAMMAR TROUBLESPOTS : AN EDITING GUIDE FOR STUDENTS
250 _aS.E.
260 _aEstados Unidos
_bST. MARTINS
_c1992
260 _aNEW YORK
300 _a170
650 _aGRAMATICA DEL INGLES STANDART
942 _c01
010 _a77011
999 _c230132
_d230132